Šach /

Enregistré dans:
Détails bibliographiques
Auteur principal: Šefc, Ján (Auteur)
Format: Livre
Langue:slovaque
Publié: Bratislava : Šport, 1985
Édition:1.vyd.
Sujets:
Tags: Ajouter un tag
Pas de tags, Soyez le premier à ajouter un tag!

MARC

LEADER 00000nam a22000003a 4500
001 stu42885
005 20150617225721.0
008 940524s1985----cs------------------slo-d
040 |a STU  |b slo 
041 0 |a slo 
044 |a cs 
080 |a 794.1 
100 1 |a Šefc, Ján  |4 aut 
245 1 |a Šach /  |c [aut.]Ján Šefc 
250 |a 1.vyd. 
260 |a Bratislava :  |b Šport,  |c 1985 
300 |a 87 s 
650 7 |a Šach  |2 stusub 
996 |b 284M045801  |c M*907-1  |l MMKN  |s A  |a 24  |w stu42885_0001